Text book of commercial geography (Record no. 5382)

MARC details
000 -LEADER
fixed length control field 00445cam a2200169ua 4500
008 - FIXED-LENGTH DATA ELEMENTS--GENERAL INFORMATION
fixed length control field 131129n ii |||gr||||Z||||||eng
040 ## - CATALOGING SOURCE
Transcribing agency MAIN
082 ## - DEWEY DECIMAL CLASSIFICATION NUMBER
Classification number 910
245 ## - TITLE STATEMENT
Title Text book of commercial geography
Statement of responsibility, etc. By Amrit Phukan
260 ## - PUBLICATION, DISTRIBUTION, ETC.
Place of publication, distribution, etc. Calcutta:
Name of publisher, distributor, etc. Bani prakasan,
Date of publication, distribution, etc. 1967.
300 ## - PHYSICAL DESCRIPTION
Extent x,328p.
700 ## - ADDED ENTRY--PERSONAL NAME
Personal name Phukan,Amrit,
Relator term
942 ## - ADDED ENTRY ELEMENTS (KOHA)
Koha item type Books
653 ## - INDEX TERM--UNCONTROLLED
Uncontrolled term Geography & travel
653 ## - INDEX TERM--UNCONTROLLED
Uncontrolled term Text book of commercial geography
Holdings
Withdrawn status Lost status Damaged status Not for loan Home library Current library Shelving location Date acquired Total Checkouts Full call number Barcode Date last seen Copy number Price effective from Koha item type
        Central Library, Naharkatiya College Central Library, Naharkatiya College General Stacks 19/09/2020   910 | PHU 14027 19/09/2020 1 19/09/2020 Books

Naharkatiya College © 2020. All rights reserved.

Powered By